000 00595nam a2200229Ia 4500
008 210210b2013 xxu||||| |||| 00| 0 eng d
020 _a9781449657192
041 _aeng
082 _a372.86 ROVE
100 _aROVEGNO (Inez)
245 _aElementary physical education:curriculum and instruction
260 _aBurlington
_bJones & Bartlett
_c2013
300 _axx,872
650 _aphysical
650 _ainstruction
650 _aElementary
650 _aeducation:curriculum
650 _aand
690 _aPhysical Education
700 _aBANDHAUER (Dianna)
906 _a068923
999 _c153019
_d153019